000 01348nam2a22002411 4500
001 rc\3238111
005 20250609165906.0
021 _aRU
_bРг2947-75
035 _a(NLR Aleph) 007373788
090 _a6435278
_c6435278
100 _a20130115d1974 |||y0rusy50 ca
101 0 _arus
102 _aRU
105 _ay z |||||
200 0 _aТ. 14. Кл. 246-296
210 _d1974
_aБ. м.
215 _a267 с.
_d21
461 0 _1001rc\3238097
_12001#$aУказатель классов изобретений США$e(Перечень рубрик)$eТ. 1-$fГос. ком. Совета Министров СССР по делам изобретений и открытий. Центр. науч.-исслед. ин-т пат. информации и техн.-экон. исследований$vТ. 14. Кл. 246-296
_96435138
_cМосква
_d1974
_fГос. ком. Совета Министров СССР по делам изобретений и открытий. Центр. науч.-исслед. ин-т пат. информации и техн.-экон. исследований
_nБ. и.
_o(Перечень рубрик) : Т. 1-
_tУказатель классов изобретений США
_vТ. 14. Кл. 246-296
801 0 _aRU
_bNLR
_gpsbo
801 1 _aRU
_bELAR
_2rusmarc
852 _aNLR
_bСВТЛ
942 _cBOOK
980 _aNB